00501nam a22001577a 450000500170000000800410001702000180005804000100007608200260008610000200011224500740013226000680020630000240027465000310029870000140032920260218121430.0260218b |||||||| |||| 00| 0 eng d a9789387791589 cVITAP 223rd Ed.a796.092 HIN aThe Hindu Group a40 Years of Sportstar 40 Superstarsc/ The Hindu Group and Sportstar aChennaibTHG (The Hindu Group) Publishing Private Limitedc2024 a279p. : ill. ; 24cm 0aSports - India - Biography aSportstar